01151nam a2200241Ia 450000500170000000800410001702000180005804000180007604100080009408200220010210000300012424501200015425000060027426000610028030000280034165000440036965000510041365000450046494200310050999900190054095201750055995201750073420220829103028.0210716s2007 xx 000 0 und d a9780070633780 cAIMIT LIBRARY aeng a005.304 21bNANR aNandyal, Raghav S.955842 aMaking sense of software quality assurance :bgaining from quality audits and assessments /cBy Raghav S. Nandyal. a1 aNew DelhibTata McGraw Hill Publishing Company Ltdc2007 axxviii,350 p. ;c26 cm. aClasses of audits and appraisals955843 aPlanning and preparing for information 955844 aVerificationof objective evidence955845 2ddccBKe1stk005.304 NANR c190782d190782 00102ddc40708MCAaAIMITbAIMITeHigginbothams Pvt Ltdg750.00iBill no:780; Bill dt:2010-09-28l0o005.304 NANRpMCA10290r2026-05-23 00:00:00v562.50w2021-07-16yBK 00102ddc40708MCAaAIMITbAIMITeHigginbothams Pvt Ltdg750.00iBill no:780; Bill dt:2010-09-28l0o005.304 NANRpMCA10291r2026-05-23 00:00:00v562.50w2021-07-16yBK